000
00273nam a2200121 a 4500
005
20140414093838.0
008
030923s19uu xx 00 eng d
050
_a
VHS 900
_b
OR 22
100
_a
Alya, Honasan
245
_a
Quiet places.
942
_c
AVM
999
_c
109129
_d
109129